|
|
|
|
| LEADER |
01672nam a2200265 a 4500 |
| 001 |
GR-MES3032 |
| 008 |
991111s1991 gr b 001 0 gre|c |
| 020 |
|
|
|a 9602640448
|
| 040 |
|
|
|a GrPaTEI
|b gre
|c GR-PaULI
|
| 100 |
1 |
|
|a Tompkins, Peter.
|
| 240 |
1 |
0 |
|a Secrets of the soil.
|l Ελληνικά
|
| 245 |
1 |
0 |
|a Μυστικά του εδάφους /
|c Πήτερ Τόμπκινς και Κρίστοφερ Μπέρντ ; μετάφραση Γιούρι Κοβαλένκο.
|
| 260 |
|
|
|a Αθήνα :
|b Χατζηνικολή,
|c 1991.
|
| 300 |
|
|
|a 550 σ. :
|b εικ. ;
|c 22 εκ.
|
| 500 |
|
|
|a Μετάφραση του: Secrets of the soil.
|
| 504 |
|
|
|a Βιβλιογραφία: σ. 511-524 και ευρετήριο.
|
| 650 |
|
4 |
|a Εδάφη.
|
| 700 |
1 |
|
|a Bird, Christopher,
|d 1928-
|
| 700 |
1 |
|
|a Κοβαλένκο, Γιούρι Λ.,
|d 1939-1996
|e μεταφραστής.
|
| 942 |
|
|
|2 ddc
|
| 952 |
|
|
|0 0
|1 0
|2 ddc
|4 0
|6 631_400000000000000_ΤΟΜ
|7 0
|9 267556
|a MSLG
|b MSLG
|c BSC
|d 2021-01-17
|e 24
|f 0
|g 0.00
|l 0
|o 631.4 ΤΟΜ
|p 2420000004139
|r 2021-01-17 00:00:00
|t 1
|v 2021.00
|w 2021-01-17
|y BK15
|x Μεταφορά από Αμαλιάδα (18/10/22)
|x GrPaTEI
|
| 952 |
|
|
|0 0
|1 0
|2 ddc
|4 0
|6 631_400000000000000_ΤΟΜ
|7 0
|9 267557
|a MSLG
|b MSLG
|c BSC
|d 2021-01-17
|e 24
|f 0
|g 0.00
|l 0
|o 631.4 ΤΟΜ
|p 2420000018123
|r 2021-01-17 00:00:00
|t 1
|v 2021.00
|w 2021-01-17
|y BK15
|x Μεταφορά από Αμαλιάδα (18/10/22)
|x GrPaTEI
|
| 952 |
|
|
|0 0
|1 0
|2 ddc
|4 0
|6 631_400000000000000_ΤΟΜ
|7 0
|9 267558
|a MSLG
|b MSLG
|c BSC
|d 2021-01-17
|e 24
|f 0
|g 0.00
|l 0
|o 631.4 ΤΟΜ
|p 2420000006503
|r 2021-01-17 00:00:00
|t 1
|w 2021-01-17
|y BK15
|x 19991111 0 1
|x GrPaTEI
|
| 971 |
|
|
|a .b25740775
|b 15-04-20
|c 13-09-16
|
| 999 |
|
|
|c 154037
|d 154037
|